Raungan mantera

Bibliographic Details
Main Author: Serunai Faqir
Format: Book
Published: Selangor : Alaf 21 , 2011
Subjects:

MARC

LEADER 00000cam a2200000 7i4500
001 0000004093
005 20160420.0
020 0 0 |a 9789831247198 
090 0 0 |a 899.2333   |b FAQI 
100 0 0 |a Serunai Faqir 
245 1 0 |a Raungan mantera   |c Serunai Faqir 
260 0 0 |a Selangor :   |b Alaf 21 ,   |c 2011 
300 |a 347 p. ;   |c 18cm. 
650 0 0 |a Malay fiction 
998 |a JPSM 
999 |a 007954   |b Monograph   |c Open Shelf   |e Default branch